|
|
|
|
| LEADER |
00000cam a22000004a 4500 |
| 001 |
musev2_35581 |
| 003 |
MdBmJHUP |
| 005 |
20230905043737.0 |
| 006 |
m o d |
| 007 |
cr||||||||nn|n |
| 008 |
140520s2014 nyu o 00 0 eng d |
| 020 |
|
|
|a 9781558618626
|
| 020 |
|
|
|z 1558618627
|
| 020 |
|
|
|z 9781558618619
|
| 020 |
|
|
|z 1558618619
|
| 035 |
|
|
|a (OCoLC)894455750
|
| 040 |
|
|
|a MdBmJHUP
|c MdBmJHUP
|
| 100 |
1 |
|
|a Bakst, Dina,
|e author.
|
| 245 |
1 |
0 |
|a Babygate :
|b How to Survive Pregnancy and Parenting in the Workplace /
|c by Dina Bakst, Phoebe Taubman, Elizabeth Gedmark.
|
| 264 |
|
1 |
|a New York, NY :
|b The Feminist Press at the City University of New York,
|c 2014.
|
| 264 |
|
3 |
|a Baltimore, Md. :
|b Project MUSE,
|c 2014
|
| 264 |
|
4 |
|c ©2014.
|
| 300 |
|
|
|a 1 online resource (320 pages).
|
| 336 |
|
|
|a text
|b txt
|2 rdacontent
|
| 337 |
|
|
|a computer
|b c
|2 rdamedia
|
| 338 |
|
|
|a online resource
|b cr
|2 rdacarrier
|
| 500 |
|
|
|a Includes state-by-state guide.
|
| 505 |
0 |
|
|a Congratulations you're expecting! now what? -- Time to bond planning for parental leave -- Back into the groove returning to work as a parent -- The parent trap confronting stigma and bias at work -- Conclusion.
|
| 520 |
|
|
|a An essential guide to navigating the workplace during pregnancy and early parenthood, including a state-specific guide to parents' rights.
|
| 546 |
|
|
|a Text in English.
|
| 588 |
|
|
|a Description based on print version record.
|
| 650 |
|
7 |
|a Working mothers
|x Legal status, laws, etc.
|2 fast
|0 (OCoLC)fst01180656
|
| 650 |
|
7 |
|a Pregnant women
|x Employment
|x Law and legislation.
|2 fast
|0 (OCoLC)fst01075206
|
| 650 |
|
7 |
|a Parental leave
|x Law and legislation.
|2 fast
|0 (OCoLC)fst01053372
|
| 650 |
|
7 |
|a Mothers
|x Employment
|x Law and legislation.
|2 fast
|0 (OCoLC)fst01026959
|
| 650 |
|
7 |
|a Discrimination in employment
|x Law and legislation.
|2 fast
|0 (OCoLC)fst00895060
|
| 650 |
|
7 |
|a BUSINESS & ECONOMICS
|x Skills.
|2 bisacsh
|
| 650 |
|
7 |
|a BUSINESS & ECONOMICS
|x Reference.
|2 bisacsh
|
| 650 |
|
7 |
|a BUSINESS & ECONOMICS
|x Management.
|2 bisacsh
|
| 650 |
|
0 |
|a Mothers
|x Employment
|x Law and legislation
|z United States.
|
| 650 |
|
0 |
|a Pregnant women
|x Employment
|x Law and legislation
|z United States.
|
| 650 |
|
0 |
|a Working mothers
|x Legal status, laws, etc.
|z United States.
|
| 650 |
|
0 |
|a Parental leave
|x Law and legislation
|z United States.
|
| 650 |
|
0 |
|a Discrimination in employment
|x Law and legislation
|z United States.
|
| 651 |
|
7 |
|a United States.
|2 fast
|0 (OCoLC)fst01204155
|
| 655 |
|
7 |
|a Electronic books.
|2 local
|
| 700 |
1 |
|
|a Taubman, Phoebe,
|e author.
|
| 700 |
1 |
|
|a Gedmark, Elizabeth,
|e author.
|
| 710 |
2 |
|
|a Project Muse.
|e distributor
|
| 830 |
|
0 |
|a Book collections on Project MUSE.
|
| 856 |
4 |
0 |
|z Texto completo
|u https://projectmuse.uam.elogim.com/book/35581/
|
| 945 |
|
|
|a Project MUSE - Custom Collection
|
| 945 |
|
|
|a Project MUSE - 2014 Complete
|
| 945 |
|
|
|a Project MUSE - 2014 Global Cultural Studies
|